Ekonomika technogennoj i prirodnoj bezopasnosti. Problemy metodologii.
Sociálno-ekonomické problémy odvrátenia vzniku mimoriadnych situácií a ich následkov. Metodologické princípy zabezpečenia bezpečnosti: princíp priority bezpečnosti, minimálneho rizika, priorita sociálneho efektu pred ekonomickým a princíp kompromisu medzi generáciami. Voľba efektívnej stratégie bezp...
Na minha lista:
| Autor principal: | |
|---|---|
| Formato: | Capítulo de Livro |
| Idioma: | russo |
| Assuntos: | |
| Tags: |
Sem tags, seja o primeiro a adicionar uma tag!
|
MARC
| LEADER | 00000naa a2200000 4500 | ||
|---|---|---|---|
| 001 | r010376 | ||
| 005 | 20221130113308.8 | ||
| 041 | 0 | |a rus | |
| 044 | |a [SU] | ||
| 245 | 1 | 0 | |a Ekonomika technogennoj i prirodnoj bezopasnosti. |b Problemy metodologii. |c V. Fal'cman |
| 520 | |a Sociálno-ekonomické problémy odvrátenia vzniku mimoriadnych situácií a ich následkov. Metodologické princípy zabezpečenia bezpečnosti: princíp priority bezpečnosti, minimálneho rizika, priorita sociálneho efektu pred ekonomickým a princíp kompromisu medzi generáciami. Voľba efektívnej stratégie bezpečnosti (účinné konštrukčné riešenia, koncentrácia výroby, štruktúra ekonomiky, akumulácia fondov). | ||
| 610 | 2 | 0 | |a ochrana majetku |
| 610 | 2 | 0 | |a ochrana osobnosti |
| 610 | 2 | 0 | |a ochrana prírody |
| 610 | 2 | 0 | |a bezpečnosť ekonomická |
| 610 | 2 | 0 | |a riziko |
| 610 | 2 | 0 | |a stratégia hospodárska |
| 610 | 2 | 0 | |a metodológia |
| 610 | 2 | 0 | |a pohromy živelné |
| 610 | 2 | 0 | |a teória katastrof |
| 100 | 1 | |a Fal'cman, V. | |